000
00351pam a2200157a 44500
008
230405s2012 xxu||||| |||| 00| 0 eng d
041
_a
ENG
100
_a
Essvale
245
_a
Business Knowledge For IT In Insurance
250
_a
1
260
_a
_b
Shroff Publi
_c
2012
300
_a
236p,23cm
440
_a
500
690
_a
MCA
906
_a
7028
999
_c
259887
_d
259887